Používatelia odborných informácií a informatické služby /
Gespeichert in:
| 1. Verfasser: | |
|---|---|
| Format: | Buch |
| Sprache: | Slowakisch |
| Veröffentlicht: |
Bratislava :
Slovenské pedagogické nakladateľstvo,
1981
|
| Ausgabe: | 1.vyd. |
| Schlagworte: | |
| Tags: |
Keine Tags, Fügen Sie das erste Tag hinzu!
|
MARC
| LEADER | 00000nam a22000003a 4500 | ||
|---|---|---|---|
| 001 | stu45232 | ||
| 005 | 20150617225715.5 | ||
| 008 | 960111s1981----cs------------------slo-d | ||
| 040 | |a STU |b slo | ||
| 041 | 0 | |a slo | |
| 044 | |a cs | ||
| 080 | |a 002 | ||
| 080 | |a 025.5(075.8) | ||
| 100 | 1 | |a Žatkuliak, Ján G |4 aut | |
| 245 | 1 | |a Používatelia odborných informácií a informatické služby / |c [aut.]Ján G. Žatkuliak | |
| 250 | |a 1.vyd. | ||
| 260 | |a Bratislava : |b Slovenské pedagogické nakladateľstvo, |c 1981 | ||
| 300 | |a 342 s | ||
| 650 | 7 | |a informatika |2 stusub | |
| 650 | 7 | |a Služby informatické |2 stusub | |
| 996 | |b 284M004828 |c M*2909-1 |l MMKN |s A |a 24 |w stu45232_0001 | ||